Practical chemistry : for BSc I II and III year students of all Indian universities (Record no. 146498)

MARC details
000 -LEADER
fixed length control field 00584nam a2200217Ia 4500
003 - CONTROL NUMBER IDENTIFIER
control field OSt
005 - DATE AND TIME OF LATEST TRANSACTION
control field 20250707105923.0
008 - FIXED-LENGTH DATA ELEMENTS--GENERAL INFORMATION
fixed length control field 210210b2011 xxu||||| |||| 00| 0 eng d
020 ## - INTERNATIONAL STANDARD BOOK NUMBER
International Standard Book Number 8121908124
040 ## - CATALOGING SOURCE
Transcribing agency AL
041 ## - LANGUAGE CODE
Language code of text/sound track or separate title eng
082 ## - DEWEY DECIMAL CLASSIFICATION NUMBER
Classification number 543 PANP
100 ## - MAIN ENTRY--PERSONAL NAME
Personal name Pandey O P
9 (RLIN) 217574
245 ## - TITLE STATEMENT
Title Practical chemistry : for BSc I II and III year students of all Indian universities
260 ## - PUBLICATION, DISTRIBUTION, ETC.
Place of publication, distribution, etc. New Delhi
Name of publisher, distributor, etc. S. Chand & Co. Ltd.
Date of publication, distribution, etc. 2011
300 ## - PHYSICAL DESCRIPTION
Extent x-284p.
690 ## - LOCAL SUBJECT ADDED ENTRY--TOPICAL TERM (OCLC, RLIN)
Topical term or geographic name as entry element Analytical Chemistry
9 (RLIN) 217589
700 ## - ADDED ENTRY--PERSONAL NAME
Personal name Bajpai D N
9 (RLIN) 217590
906 ## - LOCAL DATA ELEMENT F, LDF (RLIN)
a 065765
942 ## - ADDED ENTRY ELEMENTS (KOHA)
Source of classification or shelving scheme Dewey Decimal Classification
Koha item type Book
Holdings
Withdrawn status Lost status Source of classification or shelving scheme Damaged status Not for loan Collection code Home library Current library Shelving location Date acquired Source of acquisition Cost, normal purchase price Total Checkouts Full call number Barcode Date last seen Price effective from Koha item type
    Dewey Decimal Classification     Chemistry St Aloysius Library St Aloysius Library Stack Section 02/17/2021 S Chand and Company Ltd., Bangalore. 140.00   543 PANP 065765 02/17/2021 02/17/2021 Book